Territorios

Guardado en:
Detalles Bibliográficos
Autor principal: Solà-Morales, Ignasi de (Autor)
Formato: Libro
Lenguaje:español
Publicado: Barcelona Gustavo Gili 2002
Materias:
Etiquetas: Agregar Etiqueta
Sin Etiquetas, Sea el primero en etiquetar este registro!

MARC

LEADER 00000nam a2200000 a 4500
001 UCH5103
003 CL-VaPUC
008 090924e20020000SP |||||||||||||||||spa|d
020 |a 8425218640 
082 0 4 |a 711.4  |b SOL  |2 21 
100 0 |a Solà-Morales, Ignasi de  |e author  |9 541256 
245 1 0 |a Territorios 
300 |a 205 p 
942 |c BK 
945 |d 20090924 00:00:00  |a rbrito 
260 |a Barcelona  |b Gustavo Gili  |c 2002 
650 0 |a Planificación urbana   |9 258176 
650 0 |a Urbanización   |9 265706 
650 7 |a DESARROLLO URBANO  |2 CL-VaPUC  |9 541257 
650 0 |a Ciudades  |9 265474 
583 |a last modification  |c 20180417 12:35:03  |k Rodrigo Vera 
999 |c 336305  |d 336303 
952 |0 0  |1 0  |4 0  |6 711_400000000000000_SOL_2002  |7 0  |8 A  |9 427353  |a BIBARQ  |b BIBARQ  |d 2019-11-22  |i 4602285  |o 711.4 SOL 2002  |p 4602285  |r 2025-01-20  |w 2019-11-22  |y BK  |k ARQ 
952 |0 0  |1 0  |4 0  |6 711_400000000000000_SOL_2002  |7 0  |8 A  |9 427354  |a BIBARQ  |b BIBARQ  |d 2019-11-22  |i 4602293  |o 711.4 SOL 2002  |p 4602293  |r 2025-01-20  |w 2019-11-22  |y BK  |k ARQ